| 000 | 004290000a22001810004500 | ||
|---|---|---|---|
| 003 | MACL | ||
| 005 | 20150913150131.0 | ||
| 008 | 150913b xxu||||| |||| 00| 0 eng d | ||
| 040 |
_aMACL _cMACL |
||
| 041 | _aEnglish | ||
| 082 | _a823/AYY | ||
| 100 |
_aAyyar, D. Krishna _910795 |
||
| 245 |
_aArumugam _bImayam |
||
| 260 |
_bKatha Classics _c2006 _aNew Delhi |
||
| 350 | _a250 | ||
| 650 |
_aFiction _910796 |
||
| 942 |
_cBK _k823 _2ddc |
||
| 999 |
_c2326 _d2326 |
||